|
|
|
|
| LEADER |
00715cam a2200169 7i4500 |
| 001 |
0000017709 |
| 005 |
20060626090000.0 |
| 020 |
0 |
0 |
|a 1-57311-111-2
|
| 022 |
0 |
0 |
|a 1069-7519
|
| 090 |
0 |
0 |
|a I 338.7
|b HOO
|
| 245 |
0 |
0 |
|a Hoover's handbook of emerging companies 2006 :
|b Profiles of America's most exciting growth enterprises :
|b Profiles of America's most exciting growth enterprises :
|b includes master index for all 2006 Hoover's handbooks.
|
| 260 |
0 |
0 |
|a Texas:
|b Hoover's Businss Press,
|c 2006.
|
| 300 |
# |
# |
|a 542 p.
|
| 650 |
0 |
0 |
|a Business enterprises --
|x Directories
|
| 650 |
0 |
0 |
|a Corporations --
|x Directories
|
| 650 |
0 |
0 |
|a Emerging companies --
|x Directories
|
| 999 |
|
|
|a B000018823
|b Book
|c International
|e Business Information Centre
|